UM Logo

Latest advances of model predictive control in electrical drives — Part l: (Record no. 18967)

MARC details
000 -LEADER
fixed length control field 02132nam a22004217a 4500
003 - CONTROL NUMBER IDENTIFIER
control field OSt
005 - DATE AND TIME OF LATEST TRANSACTION
control field 20250911174431.0
008 - FIXED-LENGTH DATA ELEMENTS--GENERAL INFORMATION
fixed length control field 240207b ||||| |||| 00| 0 eng d
040 ## - CATALOGING SOURCE
Transcribing agency 0
082 ## - DEWEY DECIMAL CLASSIFICATION NUMBER
Classification number DPer 621.381 In821 April 2022 v. 37 n. 4
100 ## - MAIN ENTRY--PERSONAL NAME
Personal name Rodriguez, Jose.
Relator term author.
9 (RLIN) 51686
245 ## - TITLE STATEMENT
Title Latest advances of model predictive control in electrical drives — Part l:
Remainder of title basic concepts and advanced strategies /
Statement of responsibility, etc. Jose Rodriguez, Cristian Garcia, Andres Mora, Freddy Flores-Bahamonde, Pabl Acuna, Mateja Novak, Yongchang Zhang, Luca Tarisciotti, S. Alireza Davari, Zhenbin Zhang, Fengxiang Wang, Margarita Norambuena, Tomislav Dragicevic, Frede Blaabjerg, Tobias Geyer, Ralph Kennel, Davood Arab Khaburi, Mohamed Abdelrahem, Zhen Zhang, Nenad Mijatovic, and Ricardo P. Aguilera.
260 ## - PUBLICATION, DISTRIBUTION, ETC. (IMPRINT)
Place of publication, distribution, etc. New York ;
Name of publisher, distributor, etc. The Institute of Electrical and Electronics Engineers, Inc. ,
Date of publication, distribution, etc. April 2022.
300 ## - PHYSICAL DESCRIPTION
Extent Volume 37, pages 3927-3942 :
Other physical details illustration ;
Dimensions 28 cm.
500 ## - GENERAL NOTE
General note IEEE Transaction on Power Electronics, vol. 37, no. 4, pages 3927-3942, April 2022.
700 ## - ADDED ENTRY--PERSONAL NAME
Personal name Rodriguez, Jose.
Relator term author.
9 (RLIN) 51686
700 ## - ADDED ENTRY--PERSONAL NAME
Personal name Garcia, Cristian.
Relator term author.
9 (RLIN) 51687
700 ## - ADDED ENTRY--PERSONAL NAME
Personal name Mora, Andres.
Relator term author.
9 (RLIN) 51688
700 ## - ADDED ENTRY--PERSONAL NAME
Personal name Flores-Bahamonde, Freddy.
Relator term author.
9 (RLIN) 51689
700 ## - ADDED ENTRY--PERSONAL NAME
Personal name Acuna, Pablo.
Relator term author.
9 (RLIN) 51690
700 ## - ADDED ENTRY--PERSONAL NAME
Personal name Novak, Mateja.
Relator term author.
9 (RLIN) 51691
700 ## - ADDED ENTRY--PERSONAL NAME
Personal name Zhang, Yongchang.
Relator term author.
9 (RLIN) 51692
700 ## - ADDED ENTRY--PERSONAL NAME
Personal name Tarisciotti, Luca.
Relator term author.
9 (RLIN) 51693
700 ## - ADDED ENTRY--PERSONAL NAME
Personal name Davari, S. Alireza.
Relator term author.
9 (RLIN) 51694
700 ## - ADDED ENTRY--PERSONAL NAME
Personal name Zhang, Zhenbin.
Relator term author.
9 (RLIN) 51695
700 ## - ADDED ENTRY--PERSONAL NAME
Personal name Wang, Fengxiang.
Relator term author.
9 (RLIN) 51696
700 ## - ADDED ENTRY--PERSONAL NAME
Personal name Norambuena, Margarita.
Relator term author.
9 (RLIN) 51697
700 ## - ADDED ENTRY--PERSONAL NAME
Personal name Dragicevic, Tomislav.
Relator term author.
9 (RLIN) 51698
700 ## - ADDED ENTRY--PERSONAL NAME
Personal name Blaabjerg, Frede.
Relator term author.
9 (RLIN) 51699
700 ## - ADDED ENTRY--PERSONAL NAME
Personal name Geyer, Tobias.
Relator term author.
9 (RLIN) 51700
700 ## - ADDED ENTRY--PERSONAL NAME
Personal name Kennel, Ralph.
Relator term author.
9 (RLIN) 51701
700 ## - ADDED ENTRY--PERSONAL NAME
Personal name Khaburi, Davood Arab.
Relator term author.
9 (RLIN) 51702
700 ## - ADDED ENTRY--PERSONAL NAME
Personal name Abdelrahem, Mohamed.
Relator term author.
9 (RLIN) 51703
700 ## - ADDED ENTRY--PERSONAL NAME
Personal name Zhang, Zhen.
Relator term author.
9 (RLIN) 51704
700 ## - ADDED ENTRY--PERSONAL NAME
Personal name Mijatovic, Nenad.
Relator term author.
9 (RLIN) 51705
700 ## - ADDED ENTRY--PERSONAL NAME
Personal name Aguilera, Ricardo P.
Relator term author.
9 (RLIN) 51706
942 ## - ADDED ENTRY ELEMENTS (KOHA)
Source of classification or shelving scheme Dewey Decimal Classification
Koha item type Periodicals
Holdings
Withdrawn status Lost status Source of classification or shelving scheme Damaged status Not for loan Collection code Home library Current library Date acquired Total Checkouts Full call number Date last seen Price effective from Koha item type Public note
    Dewey Decimal Classification     Periodicals UM Digos College - LIC UM Digos College - LIC 02/07/2024   DPer 621.381 In821 April 2022 v. 37 n. 4 02/07/2024 02/07/2024 Periodicals Periodical Article